Spell the Capital of Sri Lanka - Statistics

General Stats
  • This quiz has been taken 503 times
  • The average score is 16 of 23
Answer Stats
Capital % Correct
S
100%
i
99%
r
99%
J
90%
a
88%
y
81%
a
78%
w
73%
a
71%
r
69%
d
67%
e
66%
n
65%
K
59%
o
59%
t
58%
t
58%
e
57%
a
55%
e
55%
p
55%
r
55%
u
55%
No matching quizzes found
Score Distribution
Percent of People with Each Score
Percentile by Number Answered
Your Score History
You have not taken this quiz